000 00838nab a2200253 u 4500
001 17368
003 HDC
007 cr bn ---aaaaa
008 210224c |r|noo 0 a d
040 _aHDC
100 _aAl-Haadi Abu Bakar,
_eauthor
_916332
245 4 _aThe QBB halal saga continues ... /
_cby Al-Haadi Abu Bakar
260 _aBrunei :
_bBrunei Times PLC,
_c2010
336 _atext
_2rdacontent
337 _acomputer
_2rdamedia
338 _aonline resource
_2rdacarrier
650 _aHalal certificate
_9482
650 _aHalal food industry
_9128
710 _aThe Brunei Times
856 _zRequest full-text at [email protected]
942 _2lcc
942 _cNEWS
942 _kNWSO 009340
999 _c14684
_d14684